| 000 | 00672cam a2200241 4500 | ||
|---|---|---|---|
| 001 | J11434 | ||
| 008 | 000000n2001 000 0 eng u | ||
| 035 | _a(Sirsi) u117521 | ||
| 041 | _aeng | ||
| 050 | _a333.337 | ||
| 110 |
_aInsignia Richard Ellis _93847 |
||
| 245 | _aProperty investment outlook: Winter 2001 | ||
| 260 |
_aLondon _bInsignia Richard Ellis Research _c2001 |
||
| 300 |
_a12p. _c30cm. |
||
| 650 | _aRETAIL PROPERTY | ||
| 650 | _aINDUSTRIAL PROPERTY | ||
| 650 | _aECONOMY | ||
| 650 | _aPROPERTY INVESTMENT | ||
| 650 | _aRENTAL GROWTH | ||
| 650 | _aINVESTMENT | ||
| 690 | _aPROPERTY-COMMERCIAL PROPERTY-COMMERCIAL PROPERTY MARKET | ||
| 942 | _n0 | ||
| 999 |
_c102014 _d102014 |
||